| 000 | 00670nam a2200193Ia 4500 | ||
|---|---|---|---|
| 005 | 20260429112245.0 | ||
| 008 | 260429s9999||||xx |||||||||||||| ||und|| | ||
| 020 | _a9789382981114 | ||
| 041 | _aHindi | ||
| 082 |
_a322.4092 _bGAN |
||
| 100 | _aगांधी, मोहनदास करमचंद | ||
| 245 | 0 |
_aसत्य के प्रयोग : _bआत्मकथा / _cमोहनदास करमचंद गांधी |
|
| 250 | _a0 | ||
| 260 |
_aनई दिल्ली : _bपुस्तक प्रतिष्ठान, _c2019. |
||
| 300 | _axvi, 414 | ||
| 650 | _aAutobiography | ||
| 700 | _a अविनाश | ||
| 942 | _cTB | ||
| 999 |
_c53157 _d53157 |
||